000 00597cam a22002053a 4500
001 44483
003 PGUSA
005 20140828084021.0
008 131221s2013||||xxu|||||s|||||000 | eng d
040 _aPGUSA
_beng
042 _adc
100 1 _aNion, François de
245 1 0 _aBellefleur :
_bRoman d'un comédien au XVIIe siècle
_h[electronic resource] /
_cFrançois de Nion
260 _bProject Gutenberg,
_c2013
506 _aPublic domain in the USA.
516 _aElectronic text
830 0 _aProject Gutenberg
_v44483
856 4 0 _uhttp://www.gutenberg.org/ebooks/44483
942 _cEB
999 _c273734
_d273734